[Event "GCT Saint Louis (blitz) 2019"]
[Site "Saint Louis USA"]
[Date "2019.08.14"]
[Round "16"]
[White "Ding, Liren"]
[Black "Mamedyarov, Shakhriyar"]
[Result "1/2-1/2"]
[WhiteElo "2805"]
[BlackElo "2764"]
[PlyCount "59"]
[EventDate "2019.08.13"]

1. d4 Nf6 2. c4 g6 3. Nc3 d5 4. cxd5 Nxd5 5. Bd2 Nb6 6. Bf4 Bg7 7. Nf3 c5 8.
dxc5 Bxc3+ 9. bxc3 Qxd1+ 10. Rxd1 Na4 11. g3 Nd7 12. c6 bxc6 13. Bg2 Nxc3 14.
Rd2 Nd5 15. Bh6 f6 16. O-O N7b6 17. Rc1 Bd7 18. Nd4 Rc8 19. e4 Nb4 20. a3 c5
21. axb4 cxd4 22. Rxc8+ Bxc8 23. Rxd4 Kf7 24. h4 Be6 25. Rd1 Rc8 26. Ra1 Rc4
27. b5 Ra4 28. Rxa4 Nxa4 29. Be3 Nc3 30. Bxa7 1/2-1/2

[Event "GCT Saint Louis (blitz) 2019"]
[Site "Saint Louis USA"]
[Date "2019.08.14"]
[Round "17"]
[White "Carlsen, Magnus"]
[Black "Aronian, Levon"]
[Result "1/2-1/2"]
[WhiteElo "2882"]
[BlackElo "2765"]
[PlyCount "105"]
[EventDate "2019.08.13"]

1. d4 Nf6 2. c4 e6 3. Nc3 Bb4 4. a3 Bxc3+ 5. bxc3 b6 6. f3 Nc6 7. e4 Na5 8. Bd3
d6 9. Nh3 Ba6 10. Qe2 e5 11. Be3 Qd7 12. a4 Qc6 13. d5 Qd7 14. O-O Qe7 15. Nf2
Nd7 16. Rab1 O-O 17. g4 Rac8 18. Nh1 c6 19. Ng3 g6 20. c5 Bxd3 21. cxd6 Bxe2
22. dxe7 Bxf1 23. exf8=Q+ Kxf8 24. Kxf1 cxd5 25. exd5 Rxc3 26. Bd2 Rxf3+ 27.
Ke2 Rb3 28. Rc1 Rb2 29. Rc7 Nf6 30. Kd3 Nxd5 31. Bh6+ Ke8 32. Rxa7 Rb3+ 33. Kc2
Ne3+ 34. Bxe3 Rxe3 35. g5 Nc6 36. Rb7 Nb4+ 37. Kd2 Rd3+ 38. Ke2 Rd4 39. Rxb6
Nd5 40. Ra6 Nc3+ 41. Ke3 Nxa4 42. Ra5 Rb4 43. Ne4 Nb6 44. Rxe5+ Kf8 45. Rc5 Rc4
46. Rb5 Nd7 47. h4 Ra4 48. Kf4 Rc4 49. Ra5 Rb4 50. Ra8+ Ke7 51. Ra7 Ke6 52.
Ra6+ Ke7 53. Ra7 1/2-1/2

[Event "GCT Saint Louis (blitz) 2019"]
[Site "Saint Louis USA"]
[Date "2019.08.14"]
[Round "17"]
[White "Mamedyarov, Shakhriyar"]
[Black "Caruana, Fabiano"]
[Result "0-1"]
[WhiteElo "2764"]
[BlackElo "2818"]
[PlyCount "84"]
[EventDate "2019.08.13"]

1. e4 c5 2. a3 b6 3. b4 Bb7 4. Nc3 g6 5. bxc5 bxc5 6. Rb1 Qc8 7. h4 Nf6 8. h5
Nxh5 9. Rxh5 gxh5 10. Qxh5 Nc6 11. Nf3 Bg7 12. Bc4 Nd8 13. Bb2 Ne6 14. Bxe6
dxe6 15. Ng5 Rf8 16. Nb5 Bxb2 17. Nxe6 Bf6 18. e5 Bh8 19. Nec7+ Kd8 20. Qh6 Rg8
21. e6 fxe6 22. Qxh7 Kd7 23. Qd3+ Bd4 24. c3 Rxg2 25. cxd4 c4 26. Qh3 Qg8 27.
Rb4 Qg6 28. d5 Rg1+ 29. Ke2 Qe4+ 30. Qe3 Qg4+ 31. f3 Qg2+ 32. Qf2 Rg8 33. dxe6+
Kd8 34. Qxg2 R8xg2+ 35. Ke3 Re1+ 36. Kf4 Rf1 37. Rxc4 Rxf3+ 38. Ke5 Rg5+ 39.
Kd4 Rg4+ 40. Kc5 Rxc4+ 41. Kxc4 a6 42. Nd4 Kxc7 0-1

[Event "GCT Saint Louis (blitz) 2019"]
[Site "Saint Louis USA"]
[Date "2019.08.14"]
[Round "17"]
[White "Ding, Liren"]
[Black "Rapport, Richard"]
[Result "1-0"]
[WhiteElo "2805"]
[BlackElo "2747"]
[PlyCount "39"]
[EventDate "2019.08.13"]

1. d4 e6 2. c4 Nf6 3. Nf3 b6 4. g3 Bb7 5. Bg2 Be7 6. O-O O-O 7. Re1 Na6 8. h4
Re8 9. Nc3 Ne4 10. Bd2 c5 11. d5 exd5 12. cxd5 Bf6 13. Nxe4 Rxe4 14. Ng5 Rd4
15. Qc2 g6 16. Bc3 Nb4 17. Qb3 a5 18. Bxd4 Bxd4 19. d6 Qf6 20. Bxb7 1-0

[Event "GCT Saint Louis (blitz) 2019"]
[Site "Saint Louis USA"]
[Date "2019.08.14"]
[Round "17"]
[White "Karjakin, Sergey"]
[Black "Yu, Yangyi"]
[Result "0-1"]
[WhiteElo "2750"]
[BlackElo "2752"]
[PlyCount "64"]
[EventDate "2019.08.13"]

1. d4 d5 2. Bf4 Nf6 3. e3 g6 4. Nc3 Bg7 5. h4 c6 6. Be2 Qb6 7. Rb1 h5 8. Nf3
Bg4 9. Ne5 Bxe2 10. Qxe2 Nbd7 11. Qf3 Qa6 12. a4 Nxe5 13. Bxe5 Kf8 14. Qg3 Nd7
15. f4 Nf6 16. Qf3 Ng4 17. Bxg7+ Kxg7 18. f5 Rad8 19. Kd2 Rd6 20. Rbf1 Rf6 21.
Qg3 e6 22. Qc7 exf5 23. Rf3 Re8 24. b4 Qc4 25. Qxb7 f4 26. exf4 Qxd4+ 27. Kc1
Re3 28. Rxe3 Nxe3 29. Kb2 Rxf4 30. Kb3 Qc4+ 31. Kb2 d4 32. Na2 Qxc2+ 0-1

[Event "GCT Saint Louis (blitz) 2019"]
[Site "Saint Louis USA"]
[Date "2019.08.14"]
[Round "17"]
[White "Vachier-Lagrave, Maxime"]
[Black "Dominguez Perez, Leinier"]
[Result "1-0"]
[WhiteElo "2778"]
[BlackElo "2763"]
[PlyCount "93"]
[EventDate "2019.08.13"]

1. c4 e6 2. Nf3 d5 3. e3 Nf6 4. b3 Be7 5. Bb2 O-O 6. Nc3 c5 7. cxd5 exd5 8. d4
Nc6 9. Be2 Ne4 10. dxc5 Bf6 11. Rc1 Qa5 12. Nd4 Nxc5 13. Nxc6 bxc6 14. O-O Ne4
15. Nxe4 Bxb2 16. Rc2 Ba3 17. Ng3 Bd7 18. Bg4 f5 19. Bf3 Kh8 20. Ne2 Qb6 21.
Nf4 Bd6 22. Nd3 a5 23. Qd2 Rfb8 24. Nb2 Qb4 25. Qe2 Re8 26. g3 a4 27. Nd3 Qa5
28. Rfc1 axb3 29. axb3 Qb6 30. b4 Ra3 31. Qd2 Rb3 32. Rb2 Rxb2 33. Qxb2 Rb8 34.
Rb1 Qb5 35. Be2 Qb6 36. h4 h6 37. h5 Kh7 38. Ne5 Be6 39. Nd3 Bd7 40. Kg2 Re8
41. Bf3 Qb5 42. Qc3 Rb8 43. Ne5 Bxe5 44. Qxe5 c5 45. Rd1 cxb4 46. Rxd5 Qa4 47.
Qxb8 1-0

[Event "GCT Saint Louis (blitz) 2019"]
[Site "Saint Louis USA"]
[Date "2019.08.14"]
[Round "18"]
[White "Aronian, Levon"]
[Black "Vachier-Lagrave, Maxime"]
[Result "0-1"]
[WhiteElo "2765"]
[BlackElo "2778"]
[PlyCount "90"]
[EventDate "2019.08.13"]

1. d4 Nf6 2. Nf3 b6 3. g3 Bb7 4. Bg2 c5 5. c4 cxd4 6. O-O e6 7. b3 Bc5 8. Bb2
O-O 9. Bxd4 Na6 10. Nc3 Qe7 11. Ne1 Bxg2 12. Nxg2 Rfd8 13. Rc1 Rac8 14. Nb5 d5
15. Bxf6 Qxf6 16. Nxa7 dxc4 17. Nxc8 Rxd1 18. Rcxd1 c3 19. Nd6 h5 20. Ne4 Qe5
21. Nxc5 Nxc5 22. Ne3 b5 23. b4 Ne4 24. Rd3 h4 25. gxh4 Qf6 26. f3 Nd2 27. Rc1
Nxf3+ 28. Kh1 Nd4 29. Rf1 Qxh4 30. Ng2 Qe4 31. Rxc3 Qxe2 32. Rc8+ Kh7 33. Rcc1
f6 34. Rce1 Qxa2 35. Re3 e5 36. Rh3+ Kg8 37. Ne3 Qa8+ 38. Kg1 Ne2+ 39. Kf2 Nf4
40. Rf3 Qa2+ 41. Kg1 Qd2 42. Rd1 Qxb4 43. Nf5 Qe4 44. Nh4 Ne2+ 45. Kf2 Nd4 0-1

[Event "GCT Saint Louis (blitz) 2019"]
[Site "Saint Louis USA"]
[Date "2019.08.14"]
[Round "18"]
[White "Rapport, Richard"]
[Black "Carlsen, Magnus"]
[Result "1/2-1/2"]
[WhiteElo "2747"]
[BlackElo "2882"]
[PlyCount "121"]
[EventDate "2019.08.13"]

1. d4 f5 2. b3 Nf6 3. Bb2 e6 4. e3 b6 5. Nf3 Bb7 6. Be2 Be7 7. O-O O-O 8. c4
Ne4 9. Nfd2 Nxd2 10. Qxd2 d6 11. Nc3 Nd7 12. f4 c5 13. d5 e5 14. e4 exf4 15.
Qxf4 fxe4 16. Qxe4 Bf6 17. Bd3 Bd4+ 18. Kh1 Rxf1+ 19. Rxf1 Nf6 20. Qe2 Qe8 21.
Qd2 Qe5 22. Re1 Qh5 23. Be2 Qh4 24. g3 Qh3 25. Bf3 Rf8 26. Qe2 Bc8 27. Bg2 Qh6
28. Bc1 Qg6 29. Nb5 Be5 30. Bb2 Bxb2 31. Qxb2 Ng4 32. Qe2 a6 33. Nc7 Qh6 34. h4
Ne5 35. Ne6 Rf6 36. Rf1 Bd7 37. Rxf6 Qxf6 38. Bh3 b5 39. Nf4 Bxh3 40. Nxh3 bxc4
41. bxc4 Qf3+ 42. Qxf3 Nxf3 43. Kg2 Ne5 44. Ng5 Nxc4 45. Ne4 Kf7 46. Kf3 Ke7
47. Ng5 Nb6 48. Ke4 h6 49. Ne6 g6 50. g4 Nd7 51. g5 h5 52. Nc7 a5 53. Ne6 a4
54. Nf4 Ne5 55. Ne2 a3 56. Nc3 Kd7 57. Nb5 Nc4 58. Kd3 Nb6 59. Ke4 Na4 60. Kd3
Nb6 61. Ke4 1/2-1/2

[Event "GCT Saint Louis (blitz) 2019"]
[Site "Saint Louis USA"]
[Date "2019.08.14"]
[Round "18"]
[White "Yu, Yangyi"]
[Black "Mamedyarov, Shakhriyar"]
[Result "1/2-1/2"]
[WhiteElo "2752"]
[BlackElo "2764"]
[PlyCount "143"]
[EventDate "2019.08.13"]

1. e4 c5 2. Nf3 Nf6 3. e5 Nd5 4. Nc3 e6 5. Nxd5 exd5 6. d4 Nc6 7. c3 d6 8. Bb5
cxd4 9. Nxd4 Bd7 10. exd6 Bxd6 11. Qe2+ Qe7 12. Qxe7+ Kxe7 13. Nf3 a6 14. Be2
h6 15. Be3 Be6 16. O-O Rhe8 17. Nd4 Kf8 18. Rad1 Nxd4 19. Bxd4 Rac8 20. Bf3 Bc5
21. Rfe1 b5 22. Kf1 Red8 23. Bxc5+ Rxc5 24. Re5 a5 25. Rd4 Rc4 26. Ke1 Ke7 27.
Be2 Rxd4 28. cxd4 b4 29. Kd2 g5 30. Re3 Kd6 31. g3 Rc8 32. Bd3 Rg8 33. Rf3 Ke7
34. Re3 h5 35. f4 gxf4 36. gxf4 Kf6 37. Rg3 Rg4 38. Rxg4 hxg4 39. Ke3 Bf5 40.
Be2 Kg6 41. Kf2 Bd7 42. Kg3 f5 43. a3 bxa3 44. bxa3 Kf6 45. Kh4 Kg6 46. h3 gxh3
47. Kxh3 Kf6 48. Kh4 Kg6 49. Bh5+ Kf6 50. Bf3 Be6 51. Kh5 Bf7+ 52. Kh6 Be6 53.
Bh5 Bg8 54. Be8 Be6 55. Kh7 Ke7 56. Bb5 Kf6 57. Bc6 Kf7 58. Kh6 Kf6 59. Be8 Ke7
60. Bb5 Kf6 61. Bc6 Bf7 62. Bd7 Bg8 63. Kh5 Bf7+ 64. Kh4 Bg6 65. Bc6 Bf7 66.
Bb7 Be6 67. Kh5 Bf7+ 68. Kh6 Be6 69. Kh7 Kf7 70. Bc6 Kf6 71. Be8 Ke7 72. Bb5
1/2-1/2

[Event "GCT Saint Louis (blitz) 2019"]
[Site "Saint Louis USA"]
[Date "2019.08.14"]
[Round "18"]
[White "Caruana, Fabiano"]
[Black "Ding, Liren"]
[Result "0-1"]
[WhiteElo "2818"]
[BlackElo "2805"]
[PlyCount "52"]
[EventDate "2019.08.13"]

1. e4 c6 2. d4 d5 3. exd5 cxd5 4. Bd3 Nc6 5. c3 Qc7 6. h3 Nf6 7. Na3 a6 8. Nc2
g6 9. Nf3 Bf5 10. Be2 e6 11. O-O h5 12. Nce1 Bd6 13. Nd3 Ne4 14. Be3 O-O-O 15.
Rc1 g5 16. Nxg5 Rdg8 17. f4 Ng3 18. Rf2 f6 19. Nf3 Ne4 20. Rf1 Bxh3 21. Nfe1 h4
22. Kh2 Qg7 23. Bf3 Bxg2 24. Bxg2 Qg3+ 25. Kh1 Qxe3 26. Rf3 h3 0-1

[Event "72nd ch-RUS 2019"]
[Site "Izhevsk RUS"]
[Date "2019.08.14"]
[Round "4"]
[White "Fedoseev, Vladimir3"]
[Black "Vitiugov, Nikita"]
[Result "1/2-1/2"]
[WhiteElo "2671"]
[BlackElo "2728"]
[PlyCount "85"]
[EventDate "2019.08.10"]

1. e4 e5 2. Nf3 Nc6 3. Bb5 a6 4. Ba4 Nf6 5. O-O Bc5 6. c3 O-O 7. d4 Ba7 8. Bg5
h6 9. Bh4 exd4 10. Re1 d6 11. Nxd4 Ne5 12. h3 b5 13. Bc2 Bb7 14. Nd2 Re8 15. f4
Ng6 16. Bg3 Qd7 17. Kh2 Rad8 18. a4 c5 19. Nf5 Bb8 20. axb5 axb5 21. Re3 d5 22.
e5 d4 23. cxd4 Nd5 24. Rea3 cxd4 25. Qg4 Ne3 26. Nxe3 dxe3 27. Ne4 Qd4 28. Nf6+
gxf6 29. Bxg6 Kf8 30. Qh4 fxg6 31. Qxf6+ Kg8 32. Qxg6+ Kf8 33. Qxh6+ Kg8 34.
Qg6+ Kf8 35. Ra6 Bxa6 36. Rxa6 Bd6 37. Rxd6 Rxd6 38. exd6 e2 39. Qf5+ Kg7 40.
d7 Re7 41. Qg5+ Kf7 42. Qf5+ Kg8 43. Qg5+ 1/2-1/2

[Event "72nd ch-RUS 2019"]
[Site "Izhevsk RUS"]
[Date "2019.08.14"]
[Round "4"]
[White "Matlakov, Maxim"]
[Black "Dreev, Aleksey"]
[Result "1-0"]
[WhiteElo "2710"]
[BlackElo "2662"]
[PlyCount "119"]
[EventDate "2019.08.10"]

1. d4 d5 2. c4 c6 3. Nf3 Nf6 4. Nc3 e6 5. e3 Nbd7 6. Bd3 dxc4 7. Bxc4 b5 8. Bd3
b4 9. Ne4 Nxe4 10. Bxe4 Bb7 11. Nd2 Rc8 12. b3 Ba6 13. Nc4 c5 14. O-O Nf6 15.
Bd3 cxd4 16. exd4 Be7 17. a3 bxa3 18. Bxa3 Bxa3 19. Rxa3 Bxc4 20. Bxc4 Qd7 21.
Qa1 Rc7 22. d5 exd5 23. Re1+ Kd8 24. Rd1 Re8 25. Ra5 Re6 26. h3 Rd6 27. Bf1 h6
28. Qd4 Qe7 29. f3 Re6 30. Rxd5+ Rd7 31. Rxd7+ Qxd7 32. Qa1 Rd6 33. Rxd6 Qxd6
34. Qxa7 Nd7 35. Qe3 Nb6 36. Qe4 Qc5+ 37. Kh1 Qd6 38. Bb5 Qd1+ 39. Kh2 Qd6+ 40.
f4 Nd5 41. g3 Qc5 42. Bc4 Ne3 43. Bxf7 Qc1 44. Qd3+ Kc7 45. Qe2 Kb6 46. b4 g5
47. fxg5 hxg5 48. Be8 Kc7 49. Bg6 Kd6 50. Bd3 Ke5 51. b5 Kd6 52. Qf3 Qb2+ 53.
Be2 Nf5 54. Kg1 Qe5 55. Kf2 Qc5+ 56. Kg2 Ke5 57. Qc6 Qa3 58. Qc7+ Kf6 59. Qd8+
Ke6 60. Bc4+ 1-0

[Event "72nd ch-RUS 2019"]
[Site "Izhevsk RUS"]
[Date "2019.08.14"]
[Round "4"]
[White "Artemiev, Vladislav"]
[Black "Sarana, Alexey"]
[Result "1/2-1/2"]
[WhiteElo "2757"]
[BlackElo "2655"]
[PlyCount "81"]
[EventDate "2019.08.10"]

1. c4 e5 2. g3 Nf6 3. Bg2 Nc6 4. Nc3 Bb4 5. e4 d6 6. d3 O-O 7. Nge2 Bg4 8. O-O
Bxe2 9. Qxe2 Nd4 10. Qd1 Nd7 11. Kh1 Bc5 12. f4 exf4 13. gxf4 f5 14. Be3 a5 15.
Qd2 c6 16. Qf2 Qf6 17. Rad1 Kh8 18. Rg1 Rf7 19. Bh3 Nf8 20. exf5 Nxf5 21. Bxc5
dxc5 22. Qxc5 Ne6 23. Qxf5 Qxf5 24. Bxf5 Rxf5 25. d4 Rxf4 26. d5 Nc5 27. dxc6
bxc6 28. Rd6 Rc8 29. Rgd1 h6 30. Rd8+ Rxd8 31. Rxd8+ Kh7 32. Rd6 Ne4 33. Nxe4
Rxe4 34. b3 Re1+ 35. Kg2 Re2+ 36. Kg1 Rxa2 37. Rxc6 Rb2 38. Rc5 Rxb3 39. Rxa5
Rc3 40. Rc5 Rc2 41. Rc6 1/2-1/2

[Event "72nd ch-RUS 2019"]
[Site "Izhevsk RUS"]
[Date "2019.08.14"]
[Round "4"]
[White "Predke, Alexandr"]
[Black "Jakovenko, Dmitry"]
[Result "1-0"]
[WhiteElo "2650"]
[BlackElo "2704"]
[PlyCount "149"]
[EventDate "2019.08.10"]

1. d4 d5 2. c4 c6 3. Nf3 Nf6 4. e3 Bf5 5. Nc3 e6 6. Nh4 Bg6 7. Nxg6 hxg6 8. g3
Nbd7 9. Qd3 Bb4 10. Bg2 Nb6 11. cxd5 exd5 12. O-O O-O 13. a3 Bd6 14. b3 Re8 15.
Ra2 Qe7 16. f3 Rad8 17. a4 Na8 18. Re2 Nc7 19. Bd2 Bb4 20. Be1 Ne6 21. Bf2 c5
22. Rc2 Rc8 23. Rfc1 Rc6 24. Ne2 Rec8 25. Bh3 Ba3 26. Rd1 cxd4 27. Bxe6 Rxc2
28. Bxc8 Rxc8 29. Nxd4 Bc5 30. Rc1 Re8 31. Kg2 a5 32. Qb5 b6 33. Qc6 Qe5 34.
Rd1 Qb8 35. g4 Rc8 36. Bg3 Rxc6 37. Bxb8 Bxd4 38. Rxd4 Rc2+ 39. Kg3 Rb2 40. Rd3
Nd7 41. Ba7 Nc5 42. Rxd5 Rxb3 43. Bxb6 Nxa4 44. Bd4 Nc3 45. Rxa5 Ne2+ 46. Kf2
Nxd4 47. Ra8+ Kh7 48. exd4 g5 49. Ke2 Kg6 50. Re8 Rb2+ 51. Kd3 Rf2 52. d5 Rxf3+
53. Kc4 Rf2 54. d6 Rc2+ 55. Kb5 Rb2+ 56. Kc6 Rc2+ 57. Kb7 Rb2+ 58. Kc7 Rc2+ 59.
Kd8 f5 60. d7 Rxh2 61. Re6+ Kf7 62. gxf5 Rc2 63. Rg6 Rc1 64. Rxg5 Rc5 65. Rg1
Rc2 66. Rg6 Rc1 67. Ra6 Rc2 68. Ra8 Kf6 69. Ke8 Rd2 70. d8=Q+ Rxd8+ 71. Rxd8
Kxf5 72. Kf7 g5 73. Rd5+ Kf4 74. Kg6 g4 75. Kh5 1-0

[Event "72nd ch-RUS 2019"]
[Site "Izhevsk RUS"]
[Date "2019.08.14"]
[Round "4"]
[White "Inarkiev, Ernesto"]
[Black "Tomashevsky, Evgeny"]
[Result "1/2-1/2"]
[WhiteElo "2682"]
[BlackElo "2706"]
[PlyCount "54"]
[EventDate "2019.08.10"]

1. e4 c6 2. d4 d5 3. Nc3 dxe4 4. Nxe4 Bf5 5. Ng3 Bg6 6. h4 h6 7. Nf3 e6 8. Ne5
Bh7 9. Bd3 Bxd3 10. Qxd3 Nd7 11. f4 Be7 12. Nh5 Ngf6 13. Nxg7+ Kf8 14. Nxe6+
fxe6 15. Bd2 Rh7 16. Rh3 c5 17. O-O-O cxd4 18. Rg3 Nc5 19. Qg6 Qc7 20. Re1 Rc8
21. c4 dxc3 22. Rxc3 Rg7 23. Qxh6 Ng8 24. Ng6+ Kf7 25. Nh8+ Kf8 26. Ng6+ Kf7
27. Nh8+ Kf8 1/2-1/2

[Event "72nd ch-RUS 2019"]
[Site "Izhevsk RUS"]
[Date "2019.08.15"]
[Round "5"]
[White "Jakovenko, Dmitry"]
[Black "Inarkiev, Ernesto"]
[Result "0-1"]
[WhiteElo "2704"]
[BlackElo "2682"]
[PlyCount "104"]
[EventDate "2019.08.10"]

1. e4 c6 2. d4 d5 3. e5 Bf5 4. Nf3 e6 5. Be2 c5 6. Be3 Qb6 7. Nc3 Nc6 8. O-O
Qxb2 9. Qe1 cxd4 10. Bxd4 Nxd4 11. Nxd4 Bb4 12. Ndb5 Ba5 13. Rb1 Qxc2 14. Rb3
Ne7 15. Nd6+ Kf8 16. Nxb7 Bb6 17. Nd6 Ba5 18. Nb7 Bb6 19. Nd6 Ba5 20. Bd1 Qd3
21. Bf3 Qd4 22. Ncb5 Qd2 23. Qxd2 Bxd2 24. Nd4 Bg6 25. Rb7 h5 26. Rd1 Bf4 27.
Re1 Nc8 28. N6b5 Bd2 29. Rd1 Ba5 30. Nc6 Bb6 31. a4 a6 32. Nc7 Bxc7 33. Rxc7
Nb6 34. Rd4 Kg8 35. Rh4 Kh7 36. Bxh5 Bxh5 37. g4 Kg8 38. gxh5 Nc4 39. Kf1 g5
40. Rh3 Rh6 41. Ke2 Kg7 42. Kf3 Rhh8 43. Kg4 Rhc8 44. h6+ Kh8 45. Rxc8+ Rxc8
46. Nd4 Nxe5+ 47. Kxg5 Rc4 48. f4 Nd7 49. Ne2 Re4 50. Nc3 Re1 51. a5 d4 52. Na4
Ra1 0-1

[Event "72nd ch-RUS 2019"]
[Site "Izhevsk RUS"]
[Date "2019.08.15"]
[Round "5"]
[White "Alekseenko, Kirill"]
[Black "Predke, Alexandr"]
[Result "1/2-1/2"]
[WhiteElo "2668"]
[BlackElo "2650"]
[PlyCount "81"]
[EventDate "2019.08.10"]

1. e4 e5 2. Nf3 Nc6 3. Bb5 Nf6 4. d3 d6 5. O-O Be7 6. Nc3 O-O 7. h3 Nd7 8. a4
a6 9. Bc4 Nb6 10. Ba2 Nb4 11. Bb3 Kh8 12. a5 Nd7 13. Be3 c5 14. Nd2 b5 15. axb6
Nxb6 16. Nc4 Nxc4 17. Bxc4 f5 18. f4 exf4 19. Bxf4 Bb7 20. Be6 fxe4 21. Nxe4 d5
22. Ng3 Bd6 23. Qg4 Rxf4 24. Rxf4 Bxf4 25. Qxf4 Qe7 26. Qg4 Nxc2 27. Nf5 Qf6
28. Rc1 g6 29. Rxc2 gxf5 30. Bxf5 Rf8 31. Be6 Bc6 32. h4 Ba4 33. Rd2 Qh6 34.
Rf2 Qe3 35. Qe2 Qd4 36. Bxd5 Rxf2 37. Qxf2 Qxd5 38. Qf8+ Qg8 39. Qf6+ Qg7 40.
Qd8+ Qg8 41. Qf6+ 1/2-1/2

[Event "72nd ch-RUS 2019"]
[Site "Izhevsk RUS"]
[Date "2019.08.15"]
[Round "5"]
[White "Sarana, Alexey"]
[Black "Motylev, Alexander"]
[Result "1/2-1/2"]
[WhiteElo "2655"]
[BlackElo "2668"]
[PlyCount "70"]
[EventDate "2019.08.10"]

1. d4 Nf6 2. c4 e6 3. Nf3 d5 4. Nc3 Bb4 5. Bg5 h6 6. Bxf6 Qxf6 7. Qb3 c5 8.
cxd5 exd5 9. e3 O-O 10. dxc5 Bxc3+ 11. Qxc3 Qxc3+ 12. bxc3 Nd7 13. Rd1 Nf6 14.
c4 Be6 15. Nd4 Rfc8 16. Nxe6 fxe6 17. cxd5 Nxd5 18. Rc1 Rc7 19. e4 Nf6 20. Bd3
Rac8 21. Ke2 Rxc5 22. Rxc5 Rxc5 23. f4 Kf7 24. Rb1 b6 25. a4 Ke7 26. Ke3 e5 27.
fxe5 Ng4+ 28. Kd4 Nxe5 29. Bb5 Nc6+ 30. Bxc6 Rxc6 31. a5 Rd6+ 32. Ke5 Re6+ 33.
Kd5 Rd6+ 34. Ke5 Re6+ 35. Kd5 Rd6+ 1/2-1/2

[Event "72nd ch-RUS 2019"]
[Site "Izhevsk RUS"]
[Date "2019.08.15"]
[Round "5"]
[White "Vitiugov, Nikita"]
[Black "Matlakov, Maxim"]
[Result "1/2-1/2"]
[WhiteElo "2728"]
[BlackElo "2710"]
[PlyCount "68"]
[EventDate "2019.08.10"]

1. Nf3 d5 2. b3 Nf6 3. Bb2 e6 4. g3 c5 5. Bg2 Be7 6. c4 O-O 7. O-O b6 8. cxd5
Nxd5 9. Nc3 Bb7 10. d4 Nd7 11. Nxd5 Bxd5 12. Rc1 Rc8 13. dxc5 Nxc5 14. b4 Nd7
15. Qd3 a5 16. a3 axb4 17. axb4 h6 18. Nd4 Ne5 19. Qb5 Nc4 20. Bxd5 exd5 21.
Ba1 Bg5 22. Rcd1 Bf6 23. Nf3 Bxa1 24. Rxa1 Qe7 25. Qxd5 Qxb4 26. Ra7 Rcd8 27.
Qf5 Nd2 28. Nxd2 Qxd2 29. e3 Rd6 30. Kg2 Rf6 31. Qe4 Re6 32. Qf3 Rf6 33. Qe4
Re6 34. Qf3 Rf6 1/2-1/2

[Event "72nd ch-RUS 2019"]
[Site "Izhevsk RUS"]
[Date "2019.08.15"]
[Round "5"]
[White "Tomashevsky, Evgeny"]
[Black "Fedoseev, Vladimir3"]
[Result "1-0"]
[WhiteElo "2706"]
[BlackElo "2671"]
[PlyCount "87"]
[EventDate "2019.08.10"]

1. d4 Nf6 2. c4 g6 3. Nf3 Bg7 4. g3 c6 5. Bg2 d5 6. O-O O-O 7. Qb3 dxc4 8. Qxc4
Bf5 9. Nc3 Nbd7 10. Qb3 Qb6 11. Re1 Qxb3 12. axb3 Nb6 13. e4 Be6 14. Ra3 Nfd7
15. Be3 Rfd8 16. h3 h6 17. Rd1 f5 18. d5 cxd5 19. exd5 Bf7 20. Ra5 Nc8 21. Nd4
Nf8 22. Re1 Nd6 23. Ncb5 a6 24. Nxd6 Rxd6 25. Nb5 Rd7 26. Nc3 e5 27. Na4 Rad8
28. Nb6 Rc7 29. Nc4 Nd7 30. d6 Rcc8 31. Bxb7 Rb8 32. Bxa6 Rxb3 33. Ra3 Rb4 34.
Na5 Rxb2 35. Nc6 Ra8 36. Rea1 f4 37. gxf4 exf4 38. Bxf4 Rb6 39. Bc8 Rxa3 40.
Rxa3 Be8 41. Ra8 Bf8 42. Bxd7 Bxd7 43. Ne5 Rxd6 44. Bxh6 1-0

[Event "72nd ch-RUS 2019"]
[Site "Izhevsk RUS"]
[Date "2019.08.16"]
[Round "6"]
[White "Inarkiev, Ernesto"]
[Black "Fedoseev, Vladimir3"]
[Result "1/2-1/2"]
[WhiteElo "2682"]
[BlackElo "2671"]
[PlyCount "80"]
[EventDate "2019.08.10"]

1. d4 Nf6 2. c4 g6 3. Nc3 d5 4. Nf3 Bg7 5. Qb3 dxc4 6. Qxc4 O-O 7. e4 Na6 8.
Be2 c5 9. d5 e6 10. O-O exd5 11. exd5 Nb4 12. Rd1 Nc2 13. Rb1 Nd4 14. Nxd4 cxd4
15. Rxd4 Bf5 16. Ra1 Ne8 17. Rd1 Bc2 18. Re1 Nd6 19. Qb4 a5 20. Qa3 b5 21. Bxb5
Nxb5 22. Nxb5 Qb6 23. Nc3 Qb4 24. Bd2 Qxa3 25. bxa3 Rfd8 26. Rac1 Bd3 27. h4 h5
28. f3 a4 29. Kf2 Bxc3 30. Rxc3 Rxd5 31. Bg5 Bf5 32. Kg3 Rd3 33. Rxd3 Bxd3 34.
Rc1 Bf5 35. Kf2 Rc8 36. Rxc8+ Bxc8 37. Bf6 Be6 38. Ke3 Bxa2 39. Kf4 Kh7 40. Be5
Bd5 1/2-1/2

[Event "72nd ch-RUS 2019"]
[Site "Izhevsk RUS"]
[Date "2019.08.16"]
[Round "6"]
[White "Matlakov, Maxim"]
[Black "Tomashevsky, Evgeny"]
[Result "1/2-1/2"]
[WhiteElo "2710"]
[BlackElo "2706"]
[PlyCount "71"]
[EventDate "2019.08.10"]

1. d4 Nf6 2. c4 e6 3. g3 d5 4. Bg2 Be7 5. Nf3 O-O 6. O-O dxc4 7. Qa4 a6 8. Qxc4
b5 9. Qc2 Bb7 10. Bd2 Be4 11. Qc1 c6 12. a4 Nbd7 13. Nc3 Bg6 14. Nh4 Rc8 15.
Nxg6 hxg6 16. axb5 axb5 17. Rd1 Qb6 18. Bg5 Rfe8 19. h4 c5 20. d5 exd5 21. Bxd5
c4 22. Qf4 Nc5 23. Bf3 Ne6 24. Qd2 b4 25. Bxf6 Bxf6 26. Nd5 Qc5 27. e3 c3 28.
bxc3 Bxc3 29. Nxc3 bxc3 30. Qc2 Red8 31. Rxd8+ Rxd8 32. Rc1 Rc8 33. Rd1 Rd8 34.
Rc1 Rc8 35. Rd1 Rd8 36. Rc1 1/2-1/2

[Event "72nd ch-RUS 2019"]
[Site "Izhevsk RUS"]
[Date "2019.08.16"]
[Round "6"]
[White "Motylev, Alexander"]
[Black "Dreev, Aleksey"]
[Result "1/2-1/2"]
[WhiteElo "2668"]
[BlackElo "2662"]
[PlyCount "72"]
[EventDate "2019.08.10"]

1. e4 c5 2. Nf3 e6 3. d4 cxd4 4. Nxd4 Nf6 5. Nc3 Nc6 6. g3 Bb4 7. Bg2 O-O 8.
O-O d6 9. a4 Rb8 10. Ncb5 Nxd4 11. Nxd4 Bc5 12. c3 a6 13. b4 Ba7 14. Be3 Ra8
15. Nc2 e5 16. Bxa7 Rxa7 17. Ne3 Be6 18. a5 Ra8 19. c4 Rc8 20. Qd3 Qc7 21. Rfc1
Ng4 22. Nf5 Rfd8 23. h3 Bxf5 24. exf5 Nf6 25. Qe3 h6 26. g4 e4 27. f3 exf3 28.
Qxf3 d5 29. c5 Qe5 30. Qc3 Qc7 31. Re1 Re8 32. Rad1 Rcd8 33. Rd3 Qf4 34. Rf1
Qc7 35. Re1 Qf4 36. Rf1 Qc7 1/2-1/2

[Event "72nd ch-RUS 2019"]
[Site "Izhevsk RUS"]
[Date "2019.08.16"]
[Round "6"]
[White "Predke, Alexandr"]
[Black "Sarana, Alexey"]
[Result "1/2-1/2"]
[WhiteElo "2650"]
[BlackElo "2655"]
[PlyCount "134"]
[EventDate "2019.08.10"]

1. d4 Nf6 2. c4 e6 3. g3 Bb4+ 4. Nd2 d5 5. Bg2 O-O 6. Ngf3 dxc4 7. Qc2 a5 8. a3
Bxd2+ 9. Bxd2 b5 10. a4 Bb7 11. axb5 Qd5 12. O-O Qxb5 13. Qa4 Qxa4 14. Rxa4
Nbd7 15. Rxc4 Ba6 16. Rxc7 Bxe2 17. Re1 Bxf3 18. Bxf3 Rab8 19. Bc3 Nb6 20. Bxa5
Nbd5 21. Rc2 Nb4 22. Rd2 Rfc8 23. Re5 Nbd5 24. Ree2 Rc4 25. Kg2 h6 26. Rd3 Rb5
27. Be1 g5 28. h3 Kg7 29. Bd2 Rc8 30. Ra3 Rc4 31. Bc3 Rb8 32. Rd2 Rbc8 33. Rd3
Nb4 34. Rd2 Nbd5 35. Rd3 Nb4 36. Rd1 Nfd5 37. Bxd5 Nxd5 38. Rd3 Kg6 39. Rb3 h5
40. Kf3 Kf5 41. Ke2 g4 42. hxg4+ hxg4 43. Rb5 R4c7 44. Ra5 Rc6 45. Rb5 f6 46.
Ra5 Ke4 47. Kd2 Rh8 48. Ra1 Rh2 49. Re1+ Kf5 50. Re2 Rc8 51. Kd1 Rh1+ 52. Re1
Rh2 53. Re2 Rc6 54. Kd2 Rh1 55. Re1 Rxe1 56. Kxe1 Ke4 57. Ke2 Rb6 58. Rd1 Ra6
59. Re1 Rc6 60. f3+ Kf5 61. Kf2 Ra6 62. fxg4+ Kxg4 63. Re4+ Kf5 64. Kf3 Rc6 65.
Rh4 Nxc3 66. bxc3 Rxc3+ 67. Kf2 Rc2+ 1/2-1/2

[Event "72nd ch-RUS 2019"]
[Site "Izhevsk RUS"]
[Date "2019.08.16"]
[Round "6"]
[White "Jakovenko, Dmitry"]
[Black "Alekseenko, Kirill"]
[Result "0-1"]
[WhiteElo "2704"]
[BlackElo "2668"]
[PlyCount "78"]
[EventDate "2019.08.10"]

1. e4 c5 2. Nf3 Nc6 3. Nc3 e5 4. Bc4 Be7 5. d3 d6 6. Nd2 Nf6 7. Nf1 Nd7 8. Nd5
Nb6 9. Nxb6 axb6 10. Ne3 Bg5 11. O-O O-O 12. a4 Kh8 13. Nd5 Bxc1 14. Qxc1 f5
15. exf5 Bxf5 16. f4 Be6 17. Qd2 Bg8 18. f5 Nd4 19. c3 Nxf5 20. Qe2 Bxd5 21.
Bxd5 Qd7 22. Qf3 Rf6 23. Bxb7 Raf8 24. Bc6 Qd8 25. Be4 Ne7 26. Qh3 g6 27. Rxf6
Rxf6 28. Qe3 Qc7 29. b4 cxb4 30. cxb4 Qc3 31. Qe1 Qd4+ 32. Kh1 d5 33. Bf3 Nc6
34. a5 Nxb4 35. a6 Nxd3 36. Qb1 Nf2+ 37. Kg1 g5 38. Qa2 Ng4+ 39. Kh1 Qf4 0-1